[Event "London (m/6)"]
[Site "?"]
[Date "1993.??.??"]
[Round "?"]
[White "Short, N."]
[Black "Kasparov, Garry"]
[Result "1/2-1/2"]
[WhiteElo "2655"]
[BlackElo "2805"]
[PlyCount "62"]
[EventDate "1993.??.??"]
[Source "ChessBase"]
[SourceDate "1993.10.01"]

1. e4 c5 2. Nf3 d6 3. d4 cxd4 4. Nxd4 Nf6 5. Nc3 a6 6. Bc4 e6 7. Bb3 Nbd7 8. f4 Nc5 9. f5 Be7 10. Qf3 O-O 11. Be3 e5 12. Nde2 b5 13. Bd5 Rb8 14. b4 Ncd7 15. O-O Nxd5 16. Nxd5 Bb7 17. Nec3 Nf6 18. Rad1 Bxd5 19. Nxd5 Nxd5 20. Rxd5 Rc8 21. Qg4 f6 22. Rf3 Rxc2 23. Rh3 Rf7 24. Qh5 h6 25. Qg6 Kf8 26. Bxh6 gxh6 27. Rxh6 Qb6+ 28. Rc5 Bd8 29. Rh8+ Ke7 30. Rh7 Rxh7 31. Qxh7+ Kf8 1/2-1/2

[Event "NBC 2000-02"]
[Site "?"]
[Date "2000.01.01"]
[Round "?"]
[White "Timmerman Gert Jan"]
[Black "Oosterom Joop van"]
[Result "0-1"]
[WhiteElo "2738"]
[BlackElo "2684"]
[PlyCount "140"]
[EventDate "2000.??.??"]
[Source "www.chesslib.no"]
[SourceDate "2004.05.04"]

1. e4 c5 2. Nf3 d6 3. d4 cxd4 4. Nxd4 Nf6 5. Nc3 a6 6. Bc4 e6 7. Bb3 Nbd7 8. f4 Nc5 9. f5 b5 10. Qf3 Bd7 11. Bg5 Be7 12. e5 dxe5 13. Nc6 Bxc6 14. Qxc6+ Kf8 15. fxe6 b4 16. Ne2 Rc8 17. Qf3 fxe6 18. O-O h6 19. Rad1 Qb6 20. Be3 Qc6 21. Qg3 Nxb3 22. axb3 Qe4 23. c4 Kf7 24. Nc1 Rhd8 25. Rde1 Qg6 26. Qxe5 Bd6 27. Qa5 Kg8 28. Kh1 Ng4 29. Bg1 Bg3 30. Re2 Rf8 31. Rf3 Bf4 32. Nd3 Bxh2 33. Qxa6 Bxg1 34. Kxg1 Rcd8 35. Ne1 Rfe8 36. Qc6 Qh5 37. Rh3 Qf7 38. Rf3 Qh5 39. Rh3 Qg5 40. Rd3 e5 41. Rxd8 Rxd8 42. g3 Kh8 43. Qe4 Rd4 44. Qa8+ Kh7 45. Qf3 Qg6 46. c5 h5 47. Ng2 Rd3 48. Qe4 Rd1+ 49. Ne1 Rc1 50. Kf1 Rxc5 51. Nd3 Rb5 52. Qxg6+ Kxg6 53. Re4 Ra5 54. Nxb4 Kf5 55. Re1 Rb5 56. Nc6 Kf6 57. b4 Rb6 58. Rc1 Ke6 59. Rc3 Kd6 60. Na5 Rxb4 61. b3 Kd5 62. Ke2 Nh6 63. Rd3+ Ke6 64. Nc4 Nf5 65. Kf2 e4 66. Rc3 Kd5 67. Ne3+ Nxe3 68. Kxe3 g5 69. Ke2 Kd4 70. Kd2 g4 0-1

[Event "NBC 2000-02"]
[Site "?"]
[Date "2000.01.01"]
[Round "?"]
[White "Timmerman Gert Jan"]
[Black "Elwert Hans"]
[Result "1/2-1/2"]
[WhiteElo "2738"]
[BlackElo "2681"]
[PlyCount "95"]
[EventDate "2000.??.??"]
[Source "www.chesslib.no"]
[SourceDate "2004.05.04"]

1. e4 c5 2. Nf3 d6 3. d4 cxd4 4. Nxd4 Nf6 5. Nc3 a6 6. Bc4 e6 7. Bb3 Nbd7 8. f4 Nc5 9. f5 Be7 10. Qf3 O-O 11. Be3 Qc7 12. O-O b5 13. a3 e5 14. Nde2 Bb7 15. Ng3 Nxb3 16. cxb3 b4 17. axb4 Bc6 18. Nh5 Rfd8 19. Nxf6+ Bxf6 20. b5 axb5 21. b4 Rxa1 22. Rxa1 Ra8 23. Rd1 Be7 24. h3 Qb7 25. Kh2 Ra6 26. Bf2 Qa8 27. Nd5 Qb7 28. f6 Bxd5 29. Rxd5 Bxf6 30. Qd3 h6 31. Rxb5 Qc7 32. Ra5 Rxa5 33. bxa5 Qxa5 34. Qxd6 Qb5 35. b4 Qb7 36. Qb6 Qxe4 37. b5 Bg5 38. Qc5 h5 39. b6 h4 40. Bg1 Bf4+ 41. Kh1 Qb1 42. Qc7 Be3 43. Qd8+ Kh7 44. Qxh4+ Kg8 45. Qd8+ Kh7 46. Qh4+ Kg8 47. Qd8+ Kh7 48. Qh4+ 1/2-1/2

[Event "Bilbao"]
[Site "?"]
[Date "1987.??.??"]
[Round "?"]
[White "Ljubojevic, Lj"]
[Black "Sokolov, A."]
[Result "1/2-1/2"]
[WhiteElo "2620"]
[BlackElo "2645"]
[PlyCount "67"]
[EventDate "1987.??.??"]
[Source "ChessBase"]
[SourceDate "1987.01.01"]

1. e4 c5 2. Nf3 e6 3. d4 cxd4 4. Nxd4 Nf6 5. Nc3 d6 6. Bc4 Be7 7. Be3 O-O 8. Bb3 Na6 9. Qf3 Nc5 10. O-O-O Nxb3+ 11. axb3 Qa5 12. Kb1 Bd7 13. g4 Bc6 14. g5 Nd7 15. h4 Rfc8 16. h5 Bxg5 17. b4 Qd8 18. h6 g6 19. b5 Ne5 20. Qg3 Bxe3 21. bxc6 Bxd4 22. cxb7 Rxc3 23. bxc3 Bc5 24. bxa8=Q Qxa8 25. c4 Qxe4 26. Qb3 Kf8 27. Rhe1 Qf4 28. Rxe5 Qxe5 29. f4 Qxf4 30. Qb8+ Ke7 31. Qb7+ Ke8 32. Qc8+ Ke7 33. Qb7+ Ke8 34. Qc8+ 1/2-1/2

[Event "Garmisch"]
[Site "Garmisch"]
[Date "1994.??.??"]
[Round "5"]
[White "Short, Nigel D"]
[Black "Van Wely, Loek"]
[Result "1-0"]
[WhiteElo "2665"]
[BlackElo "2560"]
[PlyCount "103"]
[EventDate "1994.??.??"]
[Source "ChessBase"]

1. e4 c5 2. Nf3 d6 3. d4 cxd4 4. Nxd4 Nf6 5. Nc3 a6 6. Bc4 e6 7. O-O b5 8. Bb3 b4 9. Na4 Bb7 10. Bg5 Nbd7 11. Re1 Be7 12. a3 bxa3 13. Rxa3 O-O 14. Bxe6 fxe6 15. Nxe6 Qe8 16. Rg3 Qf7 17. Nxf8 Rxf8 18. Nc3 Kh8 19. h3 h6 20. Bc1 Ne5 21. Rge3 Nh5 22. Rf1 Nf4 23. Ne2 g5 24. Ng3 Bc8 25. Rc3 Be6 26. Rc7 Nxh3+ 27. gxh3 Bxh3 28. Nf5 Bxf5 29. exf5 Qxf5 30. Qh5 Nf3+ 31. Kh1 Nh4 32. Rc3 Qe4+ 33. f3 Qe2 34. Rg1 Qe6 35. Qg4 Qxg4 36. fxg4 Rf2 37. Be3 Re2 38. Rf1 Kg7 39. Bd4+ Kg6 40. Re3 Rxe3 41. Bxe3 Bf6 42. b3 Bc3 43. Rd1 h5 44. Rxd6+ Kf7 45. gxh5 Nf5 46. Rd3 Bf6 47. Kg2 g4 48. Bf2 Be5 49. c4 Kf6 50. c5 Kg5 51. c6 Kxh5 52. Rd5 1-0

[Event "US-op"]
[Site "Las Vegas"]
[Date "1997.??.??"]
[Round "1"]
[White "Jenson, Errol"]
[Black "Psakhis, Lev"]
[Result "0-1"]
[WhiteElo "2605"]
[BlackElo "2610"]
[PlyCount "42"]
[EventDate "1997.04.??"]
[Source "ChessBase"]
[SourceDate "1997.07.29"]

1. e4 c5 2. Nf3 e6 3. d4 cxd4 4. Nxd4 Nf6 5. Nc3 d6 6. Bc4 Be7 7. Bb3 O-O 8. Be3 Na6 9. O-O Nc5 10. Qf3 a6 11. Rad1 Qc7 12. Nde2 b5 13. e5 dxe5 14. Qxa8 Bb7 15. Qxf8+ Kxf8 16. Ng3 Qc6 17. f3 Ng4 18. Bf2 Nxb3 19. axb3 Nxf2 20. Rxf2 b4 21. Nce4 f5 0-1

[Event "Corr"]
[Site "?"]
[Date "1996.11.01"]
[Round "?"]
[White "Timmerman Gert Jan"]
[Black "Finocchiaro Fabio"]
[Result "1/2-1/2"]
[WhiteElo "2725"]
[BlackElo "2485"]
[PlyCount "62"]
[EventDate "1996.??.??"]
[Source "www.chesslib.no"]
[SourceDate "2004.05.04"]

1. e4 c5 2. Nf3 d6 3. d4 cxd4 4. Nxd4 Nf6 5. Nc3 a6 6. Bc4 e6 7. Bb3 Nbd7 8. f4 Nc5 9. Qf3 Be7 10. Be3 Qc7 11. O-O b5 12. f5 e5 13. Nde2 Bb7 14. Ng3 Nxb3 15. cxb3 b4 16. Nd5 Bxd5 17. exd5 Qb7 18. Rad1 h6 19. Rf2 Rc8 20. h3 a5 21. Kh2 Qb5 22. Rfd2 Bd8 23. Ne4 Nxe4 24. Qxe4 Bf6 25. Rc2 Rxc2 26. Qxc2 O-O 27. Qc4 Rb8 28. Qc7 Rd8 29. Qc4 Rb8 30. Qc7 Rd8 31. Qc4 Rb8 1/2-1/2

[Event "Yerevan"]
[Site "Yerevan"]
[Date "1996.??.??"]
[Round "10"]
[White "Minasian, Artashes"]
[Black "Akopian, Vladimir"]
[Result "0-1"]
[WhiteElo "2580"]
[BlackElo "2620"]
[PlyCount "104"]
[EventDate "1996.04.??"]
[Source "ChessBase"]

1. e4 c5 2. Nf3 d6 3. d4 cxd4 4. Nxd4 Nf6 5. Nc3 a6 6. Bc4 e6 7. f4 Nc6 8. Bb3 Nxd4 9. Qxd4 Qc7 10. Be3 Be7 11. O-O O-O 12. Kh1 b5 13. f5 exf5 14. exf5 Bb7 15. Rad1 Rac8 16. Rd2 Rfe8 17. Qf4 Bc6 18. Bd4 Qb7 19. Qg3 Nh5 20. Qg4 Nf6 21. Qg3 Nh5 22. Qh3 Bg5 23. Qxh5 Bxd2 24. Qg4 Bh6 25. Kg1 Kh8 26. f6 g6 27. Qh3 Bd2 28. Rd1 Bg5 29. Qg3 Bh6 30. Qh3 Bf8 31. Bf2 Re5 32. Bxf7 Bxg2 33. Qxg2 Qxf7 34. Bd4 Rf5 35. Ne4 h6 36. Ng3 Rg5 37. c3 Kh7 38. Re1 h5 39. Qe4 Rg4 40. Qe2 Qd7 41. Kh1 Qb7+ 42. Kg1 Rc7 43. Qe8 Rf7 44. Kf2 Rxd4 45. cxd4 Rxf6+ 46. Kg1 Qd5 47. Qe4 Qg5 48. Qe3 Qg4 49. Kh1 d5 50. Ne2 Re6 51. Qf2 Qe4+ 52. Kg1 Bg7 0-1

[Event "New Delhi IND"]
[Site "New Delhi IND"]
[Date "1991.??.??"]
[Round "?"]
[White "Polgar, Judit"]
[Black "Anand, Viswanathan"]
[Result "1-0"]
[WhiteElo "2540"]
[BlackElo "2635"]
[PlyCount "61"]
[EventDate "1991.??.??"]
[Source "www.chesslib.no"]
[SourceDate "2004.05.04"]

1. e4 c5 2. Nf3 d6 3. d4 cxd4 4. Nxd4 Nf6 5. Nc3 a6 6. Bc4 e6 7. Bb3 Nbd7 8. Bg5 Nc5 9. Qe2 Be7 10. O-O-O Nfxe4 11. Bxe7 Nxc3 12. Bxd8 Nxe2+ 13. Nxe2 Kxd8 14. Rxd6+ Ke7 15. Rd2 Nxb3+ 16. axb3 Bd7 17. Nd4 Rhd8 18. Re1 Be8 19. f4 Rd5 20. Nxe6 Rxd2 21. Nd4+ Kf6 22. Kxd2 Rd8 23. c3 Bc6 24. g4 h6 25. Re5 Bg2 26. Ke3 g5 27. Kf2 Bd5 28. h4 gxf4 29. Rh5 Be4 30. Rxh6+ Bg6 31. h5 1-0

[Event "Zonal"]
[Site "Budapest zt"]
[Date "1993.??.??"]
[Round "?"]
[White "Polgar, Judit"]
[Black "Wojtkiewicz, Aleksander"]
[Result "1/2-1/2"]
[WhiteElo "2595"]
[BlackElo "2580"]
[PlyCount "43"]
[EventDate "1993.??.??"]
[Source "www.chesslib.no"]
[SourceDate "2004.05.04"]

1. e4 c5 2. Nf3 d6 3. d4 cxd4 4. Nxd4 Nf6 5. Nc3 a6 6. Bc4 e6 7. O-O Be7 8. Bb3 O-O 9. f4 Nbd7 10. f5 Nc5 11. Qe2 Bd7 12. fxe6 Qc8 13. Nc6 h5 14. a3 Ncxe4 15. Qf2 Ng5 16. Be3 d5 17. Bc4 Qd8 18. Nb5 Rc8 19. Qg3 h4 20. Nba7 Rxc6 21. Rf4 Bxa3 22. Bd3 1/2-1/2

[Event "Moscow 5'"]
[Site "Moscow RUS"]
[Date "1972.??.??"]
[Round "?"]
[White "Lutikov, Anatoly S"]
[Black "Tal, Mikhail N"]
[Result "0-1"]
[WhiteElo "2545"]
[BlackElo "2625"]
[PlyCount "66"]
[EventDate "1972.??.??"]
[Source "www.chesslib.no"]
[SourceDate "2004.05.04"]

1. e4 c5 2. Nf3 d6 3. d4 cxd4 4. Nxd4 Nf6 5. Nc3 a6 6. Bc4 e6 7. a3 Be7 8. Ba2 b5 9. O-O O-O 10. Qe2 Bb7 11. f4 Nbd7 12. Kh1 Nc5 13. e5 dxe5 14. fxe5 Qxd4 15. exf6 Bxf6 16. Be3 Qe5 17. Rxf6 gxf6 18. Qg4+ Kh8 19. Bd4 Rg8 20. Qxg8+ Rxg8 21. Bxe5 fxe5 22. Rg1 Ne4 23. Nxe4 Bxe4 24. Bb1 Rd8 25. c3 Bb7 26. h4 Rd2 27. b4 e4 28. Kh2 f5 29. Re1 Kg7 30. Kg3 Kf6 31. Kf4 Rxg2 32. Ke3 Ke5 33. Rf1 f4+ 0-1

[Event "Harplinge"]
[Site "Harplinge"]
[Date "1998.08.16"]
[Round "2"]
[White "Emms, John M"]
[Black "Sutovsky, Emil"]
[Result "0-1"]
[WhiteElo "2585"]
[BlackElo "2575"]
[PlyCount "74"]
[EventDate "1998.08.15"]
[Source "ChessBase"]
[SourceDate "1998.11.30"]

1. e4 c5 2. Nf3 d6 3. d4 cxd4 4. Nxd4 Nf6 5. Nc3 a6 6. Bc4 e6 7. a4 Nc6 8. O-O Be7 9. Be3 O-O 10. Kh1 Qc7 11. Qe2 Na5 12. Ba2 b6 13. Rad1 Bb7 14. Bc1 Rac8 15. f4 Nc4 16. e5 dxe5 17. fxe5 Nd5 18. Nxd5 Bxd5 19. Nf5 Bxg2+ 20. Qxg2 exf5 21. Rxf5 b5 22. axb5 axb5 23. e6 fxe6 24. Rxb5 Rcd8 25. Rg1 Rf7 26. Qb7 Bd6 27. Qxc7 Rxc7 28. Re1 Ra8 29. Bb3 h6 30. Rxe6 Ra1 31. Re1 Kh7 32. Bd2 Rxe1+ 33. Bxe1 Nxb2 34. c3 Re7 35. Bc2+ Kg8 36. Bg3 Bxg3 37. hxg3 Re1+ 0-1

[Event "Chessfriend.com"]
[Site "?"]
[Date "2004.05.07"]
[Round "1"]
[White "Gutsche Dieter"]
[Black "Solodovnichenko Yuri"]
[Result "1/2-1/2"]
[WhiteElo "2639"]
[BlackElo "2503"]
[PlyCount "80"]
[EventDate "2004.??.??"]
[Source "www.chesslib.no"]
[SourceDate "2004.05.04"]

1. e4 c5 2. Nf3 d6 3. d4 cxd4 4. Nxd4 Nf6 5. Nc3 a6 6. Bc4 e6 7. Bb3 Nbd7 8. Bg5 Nc5 9. f4 Be7 10. Qf3 Qc7 11. O-O O-O 12. Rad1 b5 13. e5 Bb7 14. Qe2 Nfe4 15. Nxe4 Nxe4 16. Bxe7 Qxe7 17. c3 dxe5 18. fxe5 Qc5 19. Bc2 Qxe5 20. Rfe1 f5 21. Nxe6 Rfe8 22. Nd4 Kh8 23. Qh5 g6 24. Qh4 Re7 25. a4 bxa4 26. Bxa4 a5 27. Bc2 Kg7 28. Bxe4 Bxe4 29. Qf2 Rc8 30. Re3 Qf6 31. Re2 Rb8 32. b3 Kg8 33. Rde1 Rbe8 34. Qf4 g5 35. Qd2 f4 36. Nf3 Kg7 37. Kf2 h6 38. Qd4 Qxd4+ 39. Nxd4 Kf6 40. g3 fxg3+ 1/2-1/2

[Event "Romania 71/246"]
[Site "?"]
[Date "1997.??.??"]
[Round "?"]
[White "Nisipeanu, Liviu Dieter"]
[Black "Suba, Mihai"]
[Result "1-0"]
[WhiteElo "2600"]
[BlackElo "2535"]
[PlyCount "119"]
[EventDate "1997.??.??"]
[Source "ChessBase"]
[SourceDate "1997.10.01"]

1. e4 c5 2. Nf3 d6 3. d4 cxd4 4. Nxd4 Nf6 5. Nc3 e6 6. Bc4 Be7 7. Be3 O-O 8. Qe2 d5 9. exd5 exd5 10. Bb3 Bb4 11. O-O-O Bxc3 12. bxc3 Qa5 13. c4 Nc6 14. Nxc6 bxc6 15. Bd4 Re8 16. Qd2 Qxd2+ 17. Rxd2 Ne4 18. Re2 Be6 19. c5 a5 20. Ba4 Bd7 21. Rhe1 Kf8 22. f3 Ng5 23. Rxe8+ Rxe8 24. Rxe8+ Kxe8 25. Be5 Ne6 26. Bd6 Kd8 27. c3 Nc7 28. Bxc7+ Kxc7 29. Bc2 h6 30. Kb2 g5 31. g3 Bh3 32. Kb3 Bg2 33. Bd1 Bf1 34. Ka4 Bc4 35. a3 Kb7 36. Kxa5 Bd3 37. a4 f6 38. Kb4 Ka6 39. Ka3 Ka5 40. Kb2 Bf5 41. Kc1 Ka6 42. Kd2 Ka5 43. Ke3 Bh3 44. Bc2 Bd7 45. h4 Be6 46. hxg5 hxg5 47. f4 gxf4+ 48. Kxf4 Bd7 49. g4 Be8 50. Kf5 Bd7+ 51. Kxf6 Bxg4 52. Ke7 Bf3 53. Kd6 Be4 54. Bd1 Bg2 55. Kxc6 d4+ 56. Kd7 dxc3 57. c6 Be4 58. c7 c2 59. Bxc2 Bxc2 60. Ke6 1-0

[Event "EU-chT (Men)"]
[Site "Batumi"]
[Date "1999.12.04"]
[Round "6.3"]
[White "Emms, John M"]
[Black "Anastasian, Ashot"]
[Result "1/2-1/2"]
[WhiteElo "2586"]
[BlackElo "2545"]
[PlyCount "59"]
[EventDate "1999.11.06"]
[Source "ChessBase"]
[SourceDate "2000.02.01"]

1. e4 c5 2. Nf3 d6 3. d4 cxd4 4. Nxd4 Nf6 5. Nc3 a6 6. Bc4 e6 7. a4 Be7 8. O-O Nc6 9. Be3 O-O 10. Qe2 d5 11. exd5 exd5 12. Bb3 Re8 13. h3 Bc5 14. Qd2 Bb4 15. Qd1 Bxc3 16. bxc3 Ne4 17. Qe1 Nxd4 18. cxd4 Be6 19. f3 Nd6 20. Qf2 b6 21. Bf4 Rc8 22. Rfe1 Nc4 23. Re2 Bd7 24. Rxe8+ Qxe8 25. Re1 Qd8 26. Qg3 Qf6 27. c3 h6 28. Kh2 Be6 29. h4 Bf5 30. Re2 1/2-1/2

[Event "Graz"]
[Site "?"]
[Date "2006.11.04"]
[Round "2"]
[White "Kosten Anthony"]
[Black "Babula Vlastimil"]
[Result "1/2-1/2"]
[WhiteElo "2542"]
[BlackElo "2584"]
[PlyCount "28"]
[EventDate "2006.??.??"]
[Source "www.chesslib.no"]
[SourceDate "2004.05.04"]

1. e4 c5 2. Nf3 d6 3. d4 cxd4 4. Nxd4 Nf6 5. Nc3 e6 6. Bc4 Be7 7. Be3 O-O 8. O-O Nc6 9. h3 a6 10. a4 Bd7 11. Ba2 b5 12. axb5 Nxd4 13. Qxd4 axb5 14. Bb3 Bc6 1/2-1/2

[Event "Lippstadt 10th"]
[Site "Lippstadt"]
[Date "2000.07.10"]
[Round "5"]
[White "Mueller, Karsten"]
[Black "Hracek, Zbynek"]
[Result "1/2-1/2"]
[WhiteElo "2513"]
[BlackElo "2612"]
[PlyCount "127"]
[EventDate "2000.07.06"]
[Source "ChessBase"]
[SourceDate "2000.10.18"]

1. e4 c5 2. Nf3 d6 3. d4 cxd4 4. Nxd4 Nf6 5. Nc3 a6 6. Bc4 e6 7. O-O Be7 8. a3 O-O 9. f4 d5 10. exd5 exd5 11. Be2 Nc6 12. Be3 Re8 13. Kh1 Bxa3 14. Rxa3 Rxe3 15. Nxc6 bxc6 16. Nxd5 Rxa3 17. Nxf6+ Qxf6 18. bxa3 Bf5 19. Bf3 g6 20. Qa1 Qxa1 21. Rxa1 Bxc2 22. Bxc6 Rb8 23. Kg1 a5 24. Re1 Rb6 25. Bd5 Rb5 26. Re5 Kf8 27. Kf2 Bf5 28. Bc6 Rb2+ 29. Re2 Rb6 30. Re8+ Kg7 31. Bd5 Rd6 32. Bf3 Rd2+ 33. Re2 Rd4 34. g3 Kf6 35. Bc6 Rc4 36. Bb5 Rc5 37. a4 Be6 38. Rb2 h5 39. Ke3 Rc1 40. Bd3 Ra1 41. Bc2 Re1+ 42. Kf2 Rh1 43. Kg2 Bd5+ 44. Kh3 Rg1 45. Bb3 Bf3 46. Kh4 Kg7 47. Rd2 f6 48. Bd5 Bg4 49. h3 Rd1 50. Rxd1 Bxd1 51. Bc6 Kh6 52. g4 g5+ 53. fxg5+ fxg5+ 54. Kg3 hxg4 55. h4 gxh4+ 56. Kxh4 Kg6 57. Bd7 Kf6 58. Bxg4 Bxa4 59. Kg3 Ke5 60. Kf2 Kd4 61. Ke1 Kc3 62. Bf5 Bb5 63. Kd1 Kb2 64. Bc2 1/2-1/2

[Event "Yerevan ol (Men)"]
[Site "?"]
[Date "1996.??.??"]
[Round "9"]
[White "Rogers Ian"]
[Black "Baburin Alexander"]
[Result "1/2-1/2"]
[WhiteElo "2575"]
[BlackElo "2545"]
[PlyCount "56"]
[EventDate "1996.??.??"]
[Source "www.chesslib.no"]
[SourceDate "2004.05.04"]

1. e4 c5 2. Nf3 d6 3. d4 cxd4 4. Nxd4 Nf6 5. Nc3 a6 6. Bc4 e6 7. Bb3 Nbd7 8. O-O Nc5 9. f4 Qc7 10. Qf3 Be7 11. f5 O-O 12. Be3 Kh8 13. g4 b5 14. g5 Nfxe4 15. Nxe4 Bb7 16. g6 Bxe4 17. Nxe6 Bxf3 18. Nxc7 Nxb3 19. cxb3 Rac8 20. Rxf3 Rxc7 21. Rh3 Bf6 22. Bf4 Bxb2 23. Re1 Bd4+ 24. Kh1 Be5 25. Bxe5 dxe5 26. Rxe5 Rc1+ 27. Kg2 Rc2+ 28. Kg1 Rc1+ 1/2-1/2

[Event "Yerevan ol (Men)"]
[Site "Yerevan"]
[Date "1996.??.??"]
[Round "7"]
[White "Rogers, Ian"]
[Black "Dao Thien Hai"]
[Result "1/2-1/2"]
[WhiteElo "2575"]
[BlackElo "2535"]
[PlyCount "66"]
[EventDate "1996.09.??"]
[Source "www.chesslib.no"]
[SourceDate "2004.05.04"]

1. e4 c5 2. Nf3 d6 3. d4 cxd4 4. Nxd4 Nf6 5. Nc3 a6 6. Bc4 e6 7. Bb3 Nbd7 8. O-O Nc5 9. f4 Be7 10. e5 dxe5 11. fxe5 Nxb3 12. axb3 Bc5 13. Be3 Nd5 14. Bf2 O-O 15. Ne4 Be7 16. Qf3 f6 17. exf6 Nxf6 18. Rad1 Qd5 19. Nc3 Qxf3 20. Nxf3 Bd7 21. Ne5 Be8 22. Rfe1 Bh5 23. Rd3 Rad8 24. Bb6 Rxd3 25. Nxd3 Bf7 26. Na4 Nd7 27. Bf2 Rc8 28. c3 Rc6 29. b4 b6 30. Ne5 Nxe5 31. Rxe5 Bf6 32. Re1 Bd8 33. Rd1 Bc7 1/2-1/2

[Event "Banker's"]
[Site "Banker's"]
[Date "1990.??.??"]
[Round "?"]
[White "Christiansen, Larry M"]
[Black "Wojtkiewicz, Aleksander"]
[Result "1/2-1/2"]
[WhiteElo "2560"]
[BlackElo "2550"]
[PlyCount "58"]
[EventDate "1990.??.??"]
[Source "www.chesslib.no"]
[SourceDate "2004.05.04"]

1. e4 c5 2. Nf3 d6 3. d4 cxd4 4. Nxd4 Nf6 5. Nc3 a6 6. Bc4 e6 7. O-O Be7 8. Bb3 O-O 9. Qf3 Nbd7 10. Qg3 Nc5 11. Re1 Kh8 12. Bg5 Qc7 13. Rad1 b5 14. Qh4 Bb7 15. Re3 Ng8 16. Rg3 b4 17. Nd5 exd5 18. Nf5 Bxg5 19. Qxg5 g6 20. Rh3 Qd8 21. Qf4 gxf5 22. Bxd5 Bxd5 23. Rxd5 Qe7 24. Rxh7+ Kxh7 25. Qxf5+ Kg7 26. Qg4+ Kh7 27. Qf5+ Kg7 28. Qg4+ Kh7 29. Qf5+ Kg7 1/2-1/2